Càlcul i simulació d'òrbites sota la influència de la terra /
Publicado:
Barcelona :
Generalitat de Catalunya, Comissió Interdepartamental de Recerca i Innovació Tecnològica, CIRIT ,
1987
Descripción Física:
93 p. ; 21 cm
Materias:
Òrbites
MARC
| LEADER | 00000nam a2200000Ia 4500 | ||
|---|---|---|---|
| 001 | 7623 | ||
| 008 | 160829s1987 xx 000 0 cat d | ||
| 080 | |a C-1-343 | ||
| 100 | |a Portell i Cortés, Xavier |9 19593 | ||
| 245 | |a Càlcul i simulació d'òrbites sota la influència de la terra / |c Xavier Portell i Cortés | ||
| 260 | |a Barcelona : |b Generalitat de Catalunya, Comissió Interdepartamental de Recerca i Innovació Tecnològica, CIRIT, |c 1987 | ||
| 300 | |a 93 p. ; |c 21 cm | ||
| 650 | |a Òrbites |9 19594 | ||
| 710 | 1 | |a Catalunya. |b Comissió Interdepartamental de Recerca i Innovació Tecnològica |9 54974 | |
| 901 | |a Arxiu | ||
| 942 | |n 1 | ||
| 952 | |0 0 |1 0 |4 0 |6 C1343 |7 1 |9 41280 |a Arxiu |b Arxiu |d 2016-12-01 |l 0 |o C-1-343 |p 7623 |r 2016-12-01 00:00:00 |w 2016-12-01 |y ARXIU | ||
| 999 | |c 43063 |d 43063 | ||